Bojovali za svobodu : 40. výročí vyvrcholení národně osvobozeneckého boje a osvebození Československa Sovětskou armádou 2 Bojovali za svobodu
Uložené v:
| Ďalší autori: | , |
|---|---|
| Médium: | Zvuková nahrávka |
| Jazyk: | Czech |
| Vydané: |
Praha :
Supraphon,
1980.
|
| Fyzický popis: |
1 gramofónová platňa : 33 mono ; 30 cm. |
| Tagy: |
Pridať tag
Žiadne tagy, Buďte prvý kto otaguje tento záznam!
|
Titul je dostupný aj v ... 

MARC
| LEADER | 00000njm a2200000 a 4500 | ||
|---|---|---|---|
| 001 | 000417607 | ||
| 003 | SVKKK | ||
| 005 | 20130426141730.0 | ||
| 008 | 121009s1980 xr cze#d | ||
| 028 | 4 | 2 | |a 1018 3152 |b Supraphon |c Kčs 28,00 |
| 040 | |a SVKKK |b slo |c SVKKK |e AACR2 | ||
| 041 | 0 | |a cze | |
| 044 | |a xr |c CZ | ||
| 245 | 0 | 0 | |a Bojovali za svobodu : |b 40. výročí vyvrcholení národně osvobozeneckého boje a osvebození Československa Sovětskou armádou |n 2 |p Bojovali za svobodu |h zvukový záznam |c Výběr, sestava a text průvodního slova Karel Richter ; Režie a průvodní slovo Jiří Šrámek. |
| 246 | 3 | 1 | |a Bojovali za svobodu |
| 260 | |a Praha : |b Supraphon, |c 1980. | ||
| 300 | |a 1 gramofónová platňa : |b 33 mono ; |c 30 cm. | ||
| 500 | |a Set 11 platní: Bojovali za svobodu, Sokolovo, Kyjev, Dukla, Slovenské národné povstanie, Povstání českého lidu, Vítězství | ||
| 500 | |a Nahrano v pražském studiu Lucerna, doplněno dokumentačními záznamy Čs. rozhlasu | ||
| 505 | 0 | |t gen.plk. v zál. Miroslav Šmoldas -- |t mjr. v zál. Marie Kvapilová -- |t plk. v zál. Viliam Sloboda -- |t plk. v zál. Ladislav Kilián -- |t 2. strana |t genmjr. v zál. ing Josef Slabý, CSc. -- |t pplk. v zál. Arnošt Steiner -- |t plk. Antonín Popovič -- |t Trojnásobný hrdina ČSSR a hrdina SSSR arm. gen. Ludvík Svoboda | |
| 700 | 1 | |a Richter, Karel, |d 1930- |4 com | |
| 700 | 1 | |a Šrámek, Jiří |4 drt | |
| 910 | |a svkkk | ||
| 998 | |a AM | ||
| 090 | |g SCKHL |k Sklad Pribinova 1. posch. |a IIIG.4543b |j 6391 |i 2720301534 |s Prezenčne CD, DVD | ||
| 924 | |a LP | ||
| 924 | |a AVM | ||